| 000 -LEADER |
| fixed length control field |
00332nam a2200133 4500 |
| 008 - FIXED-LENGTH DATA ELEMENTS--GENERAL INFORMATION |
| fixed length control field |
200318b ||||| |||| 00| 0 eng d |
| 082 00 - DEWEY DECIMAL CLASSIFICATION NUMBER |
| Classification number |
614.8 |
| Item number |
H6779 |
| 110 ## - MAIN ENTRY--CORPORATE NAME |
| 9 (RLIN) |
730 |
| Corporate name or jurisdiction name as entry element |
H.M.S.O |
| 245 10 - TITLE STATEMENT |
| Title |
Fire extinguishing equipment / |
| 260 ## - PUBLICATION, DISTRIBUTION, ETC. (IMPRINT) |
| Place of publication, distribution, etc |
London |
| Name of publisher, distributor, etc |
HMSO |
| Date of publication, distribution, etc |
1976 |
| 300 ## - PHYSICAL DESCRIPTION |
| Extent |
x, 127 p. |
| 650 #0 - SUBJECT ADDED ENTRY--TOPICAL TERM |
| Topical term or geographic name as entry element |
Fire extinguishers |
| 942 ## - ADDED ENTRY ELEMENTS (KOHA) |
| Source of classification or shelving scheme |
|
| Item type |
Books |